Statistics for European Geography by Letter - U

Click here to take the quiz!

General Stats

  • This quiz has been taken 323 times
  • The average score is 6 of 15

Answer Stats

hintanswer% Correct
What sort of kingdom contains England and ScotlandUnited
89%
Borders Slovakia, Hungary and RomaniaUkraine
87%
Mountain range, Ура́льские го́ры, on Europe's eastern borderUral
74%
Irish province, and a colloquial term for Northern IrelandUlster
62%
Italian region bordering Tuscany, its capital is PerugiaUmbria
59%
3-letter German city with the world's tallest churchUlm
52%
Sweden's 4th largest cityUppsala
38%
Florence's main art museum{Uffizi} Gallery
37%
City and province of north-eastern Italy, near Trieste (see map)Udine
34%
Hungary in GermanUngarn
25%
3-letter Swiss cantonUri
21%
2nd largest lake in England's Lake District, after WindermereUllswater
16%
Twin islands (North and South) of Scotland's Outer HebridesUist
14%
This town, New Pest in English, merged with Budapest in 1950Újpest
13%
The Spanish bishop of here is Andorra's joint head-of-stateUrgell
7%

Score Distribution

Percentile by Number Answered

Percent of People with Each Score

Your Score History

You have not taken this quiz